Marketingový program ceny v mezinárodním podnikání
Správne stanovenie ceny v podniku. Rôzne kategórie cien v cenovej politike: nákladová cena, rovnovážna cena, smotánková cena, prieniková (zavádzacia) cena, bežná tržná cena, dumpingová cena, cena uznaná zákazníkom, vnútená cena a transferová cena.
Gespeichert in:
| 1. Verfasser: | |
|---|---|
| Format: | Buchkapitel |
| Sprache: | Tschechisch |
| Schlagworte: | |
| Tags: |
Keine Tags, Fügen Sie das erste Tag hinzu!
|
MARC
| LEADER | 00000naa a2200000 4500 | ||
|---|---|---|---|
| 001 | r033056 | ||
| 005 | 20230908092807.7 | ||
| 041 | 0 | |a cze | |
| 044 | |a CZ | ||
| 245 | 1 | 0 | |a Marketingový program |b ceny v mezinárodním podnikání |c Jan Urbánek |
| 520 | |a Správne stanovenie ceny v podniku. Rôzne kategórie cien v cenovej politike: nákladová cena, rovnovážna cena, smotánková cena, prieniková (zavádzacia) cena, bežná tržná cena, dumpingová cena, cena uznaná zákazníkom, vnútená cena a transferová cena. | ||
| 610 | 2 | 0 | |a marketing mix |
| 610 | 2 | 0 | |a marketing |
| 610 | 2 | 0 | |a ceny |
| 610 | 2 | 0 | |a ceny bežné |
| 610 | 2 | 0 | |a ceny podnikové |
| 610 | 2 | 0 | |a ceny výrobno-nákladové |
| 610 | 2 | 0 | |a dumping |
| 610 | 2 | 0 | |a ceny trhové |
| 610 | 2 | 0 | |a ceny preferenčné |
| 610 | 2 | 0 | |a koeficient pružnosti |
| 610 | 2 | 0 | |a podnikanie medzinárodné |
| 610 | 2 | 0 | |a styk zahraničnoobchodný |
| 100 | 1 | |a Urbánek, Jan | |